[Event "Hong Kong-chT"]
[Site "Hong Kong"]
[Date "2016.03.31"]
[Round "1.1"]
[White "Cheng, Justin Hong Chen"]
[Black "Lee, TH Bryan"]
[Result "0-1"]
[WhiteElo "1267"]
[BlackElo "2015"]
[PlyCount "66"]
[EventDate "2016.03.31"]
[EventType "team-swiss"]
[EventRounds "7"]
[EventCountry "HKG"]
[SourceTitle "EXT 2017"]
[Source "ChessBase"]
[SourceDate "2016.10.25"]
[SourceVersion "1"]
[SourceVersionDate "2016.10.25"]
[SourceQuality "1"]
[WhiteTeam "Active Kids CC II"]
[BlackTeam "WYHK"]
[WhiteTeamCountry "HKG"]
[BlackTeamCountry "HKG"]

1. e4 c5 2. Nc3 d6 3. f4 Nc6 4. Bc4 Nf6 5. d3 e6 6. Nf3 Be7 7. 0-0 0-0 8. Qe1 a6 9. a4 d5 10. exd5 exd5 11. Bb3 Rb8 12. Qg3 b5 13. axb5 axb5 14. f5 c4 15. dxc4 dxc4 16. Bf4 Nh5 17. Rfd1 Qb6+ 18. Qf2 Qxf2+ 19. Kxf2 Nxf4 20. Ba2 Bxf5 21. Bb1 Bc5+ 22. Kf1 Rfd8 23. Rxd8+ Rxd8 24. Ra6 Nd4 25. Nxd4 Rxd4 26. Rc6 Ne6 27. Rc8+ Bf8 28. Ke2 b4 29. Nb5 Rd5 30. Rb8 Rxb5 31. Rxb5 Nd4+ 32. Ke3 Nxb5 33. Kd2 g6 0-1

[Event "Hong Kong op"]
[Site "Hong Kong"]
[Date "2014.10.04"]
[Round "7"]
[White "Lee, TH Bryan"]
[Black "Sarwate, Rohit"]
[Result "1-0"]
[WhiteElo "2018"]
[BlackElo "1647"]
[PlyCount "45"]
[EventDate "2014.10.01"]
[EventType "swiss"]
[EventRounds "9"]
[EventCountry "HKG"]
[SourceTitle "CBM 162 Extra"]
[Source "ChessBase"]
[SourceDate "2014.10.17"]
[SourceVersion "1"]
[SourceVersionDate "2014.10.17"]
[SourceQuality "1"]

1. e4 e5 2. Nf3 Nf6 3. Nxe5 d6 4. Nf3 Nxe4 5. Nc3 Nxc3 6. dxc3 Be7 7. Bf4 Nc6 8. Qd2 Be6 9. Bb5 a6 10. Bd3 Qd7 11. 0-0-0 0-0-0 12. Kb1 h6 13. Qe2 Kb8 14. Rhe1 Bf6 15. Bxa6 bxa6 16. Qxa6 g5 17. Re4 Qc8 18. Qxc6 Qb7 19. Rb4 Qxb4 20. cxb4 gxf4 21. Rd3 Bc8 22. Rd5 Be6 23. Ra5 1-0

[Event "Olympiad-40"]
[Site "Istanbul"]
[Date "2012.09.06"]
[Round "9.2"]
[White "Chavez, Ricardo Ernesto"]
[Black "Lee, TH Bryan"]
[Result "1-0"]
[WhiteElo "2205"]
[BlackElo "2016"]
[PlyCount "87"]
[EventDate "2012.08.28"]
[EventType "team-swiss"]
[EventRounds "11"]
[EventCountry "TUR"]
[SourceTitle "CBM 151"]
[Source "ChessBase"]
[SourceDate "2012.11.13"]
[SourceVersion "1"]
[SourceVersionDate "2012.11.13"]
[SourceQuality "1"]
[WhiteTeam "El Salvador"]
[BlackTeam "Hong Kong"]
[WhiteTeamCountry "ESA"]
[BlackTeamCountry "HKG"]

1. e4 e5 2. Nf3 Nc6 3. Bb5 a6 4. Ba4 Nf6 5. Qe2 b5 6. Bb3 Bc5 7. c3 d6 8. 0-0 0-0 9. Rd1 Bg4 10. h3 Bh5 11. d3 h6 12. Nbd2 Re8 13. g4 Bg6 14. Nf1 Bb6 15. Ng3 Na5 16. Bc2 c5 17. Nf5 Qd7 18. N3h4 Bd8 19. Kh1 Nh7 20. Be3 Bg5 21. Nf3 Bxf5 22. gxf5 Qe7 23. Nxg5 Nxg5 24. Qg4 Qf6 25. Rg1 Nh7 26. Rg3 Kh8 27. Rag1 Rg8 28. Qh5 Rac8 29. h4 Rb8 30. Bg5 Nxg5 31. hxg5 Qe7 32. f6 Qf8 33. fxg7+ Qxg7 34. Rf3 Rbf8 35. Rf6 Qxf6 36. gxf6 Rxg1+ 37. Kxg1 Rg8+ 38. Kf1 Rg6 39. Qh4 c4 40. b4 cxd3 41. Bxd3 Nc6 42. Be2 Nd8 43. Bh5 Rg5 44. Bg4 1-0

[Event "Olympiad-40"]
[Site "Istanbul"]
[Date "2012.09.03"]
[Round "6.2"]
[White "Huguet Mainar, Sergio"]
[Black "Lee, TH Bryan"]
[Result "1/2-1/2"]
[WhiteElo "2094"]
[BlackElo "2016"]
[PlyCount "71"]
[EventDate "2012.08.28"]
[EventType "team-swiss"]
[EventRounds "11"]
[EventCountry "TUR"]
[SourceTitle "CBM 151"]
[Source "ChessBase"]
[SourceDate "2012.11.13"]
[SourceVersion "1"]
[SourceVersionDate "2012.11.13"]
[SourceQuality "1"]
[WhiteTeam "Honduras"]
[BlackTeam "Hong Kong"]
[WhiteTeamCountry "HON"]
[BlackTeamCountry "HKG"]

1. d4 Nf6 2. e3 g6 3. Bd3 Bg7 4. f4 d6 5. Nf3 0-0 6. 0-0 c5 7. c4 cxd4 8. Nxd4 Nc6 9. Nxc6 bxc6 10. Nc3 d5 11. cxd5 Nxd5 12. Nxd5 cxd5 13. e4 dxe4 14. Bxe4 Bd4+ 15. Kh1 Rb8 16. Rb1 Ba6 17. Bd3 Bb7 18. b3 Qd5 19. Qe2 Rfd8 20. Bc4 Qe4 21. Ba3 Be3 22. Rbe1 Rbc8 23. h3 e6 24. Rf3 Bc5 25. Qxe4 Bxe4 26. Rxe4 Bxa3 27. Rd3 Rxd3 28. Bxd3 Rd8 29. Bc4 a5 30. Kg1 Rd2 31. Re2 Bc5+ 32. Kf1 Rd1+ 33. Re1 Rxe1+ 34. Kxe1 Kg7 35. Ke2 Kf6 36. Kf3 1/2-1/2

[Event "Olympiad-40"]
[Site "Istanbul"]
[Date "2012.08.28"]
[Round "1.2"]
[White "Danielsen, Henrik"]
[Black "Lee, TH Bryan"]
[Result "1-0"]
[WhiteElo "2511"]
[BlackElo "2016"]
[PlyCount "147"]
[EventDate "2012.08.28"]
[EventType "team-swiss"]
[EventRounds "11"]
[EventCountry "TUR"]
[SourceTitle "CBM 151"]
[Source "ChessBase"]
[SourceDate "2012.11.13"]
[SourceVersion "1"]
[SourceVersionDate "2012.11.13"]
[SourceQuality "1"]
[WhiteTeam "Iceland"]
[BlackTeam "Hong Kong"]
[WhiteTeamCountry "ISL"]
[BlackTeamCountry "HKG"]

1. c4 Nf6 2. Nf3 g6 3. g3 Bg7 4. Bg2 0-0 5. Nc3 d6 6. 0-0 Nc6 7. d3 e5 8. Bg5 h6 9. Bxf6 Bxf6 10. Rb1 a5 11. a3 Be6 12. b4 axb4 13. axb4 Ne7 14. b5 d5 15. cxd5 Nxd5 16. Nxd5 Bxd5 17. Nd2 Bxg2 18. Kxg2 Qd5+ 19. Kg1 c6 20. bxc6 bxc6 21. Qc2 Ra2 22. Rb2 Rfa8 23. Nc4 Rxb2 24. Qxb2 Qb5 25. Qc2 Rb8 26. Rc1 Bg5 27. Ra1 Bf6 28. Ra5 Qb4 29. Kf1 Kg7 30. h4 Qb1+ 31. Qxb1 Rxb1+ 32. Kg2 Rb5 33. Ra7 Rd5 34. Rc7 e4 35. dxe4 Rd4 36. Rxc6 Rxe4 37. e3 h5 38. f4 Re7 39. Kf3 Ba1 40. e4 Rd7 41. Nd6 Ra7 42. e5 Ra3+ 43. Kg2 Ra2+ 44. Kh1 Ra7 45. Rc8 Bd4 46. Ne8+ Kh6 47. Nf6 Rb7 48. Rh8+ Kg7 49. Rg8+ Kh6 50. Kg2 Bc5 51. g4 hxg4 52. Nxg4+ Kh5 53. Nf6+ Kh6 54. Kf3 Rb3+ 55. Ke4 Rb7 56. Rh8+ Kg7 57. Rh7+ Kf8 58. h5 gxh5 59. Rxh5 Be7 60. Rh8+ Kg7 61. Rg8+ Kh6 62. Kf5 Rb6 63. Rh8+ Kg7 64. Rh7+ Kf8 65. Nd7+ Kg8 66. Rxf7 Kxf7 67. Nxb6 Bc5 68. Nd5 Ba3 69. e6+ Ke8 70. Kg6 Bb2 71. f5 Kf8 72. e7+ Ke8 73. f6 Be5 74. f7+ 1-0

[Event "Hong Kong-ch qual"]
[Site "Hong Kong"]
[Date "2012.01.30"]
[Round "5.1"]
[White "Chong, Chor Yuen"]
[Black "Lee, TH Bryan"]
[Result "0-1"]
[WhiteElo "2075"]
[BlackElo "1961"]
[PlyCount "116"]
[EventDate "2012.01.09"]
[EventType "swiss"]
[EventRounds "9"]
[EventCountry "HKG"]
[SourceTitle "EXT 2024"]
[Source "ChessBase"]
[SourceDate "2023.10.10"]
[SourceVersion "1"]
[SourceVersionDate "2023.10.10"]
[SourceQuality "1"]

1. e4 e5 2. Nf3 Nc6 3. d4 exd4 4. Bc4 d6 5. Nxd4 Nxd4 6. Qxd4 Qf6 7. Be3 Qxd4 8. Bxd4 Be6 9. Bxe6 fxe6 10. Nc3 Ne7 11. Ne2 Nc6 12. Bc3 d5 13. 0-0-0 0-0-0 14. exd5 exd5 15. Nd4 Nxd4 16. Bxd4 Rd7 17. Rhe1 Bd6 18. g3 b6 19. Re6 Rhd8 20. f4 c5 21. Be5 Bxe5 22. Rxe5 d4 23. b3 Kc7 24. Rd3 Kc6 25. Kd2 Rd5 26. Re2 R8d7 27. g4 g6 28. Rf3 Rf7 29. Kd3 b5 30. Re6+ Rd6 31. Re5 Rd5 32. Re8 Kd7 33. Ke4 Rd6 34. Re5 Re6 35. f5 Rxe5+ 36. Kxe5 gxf5 37. gxf5 Re7+ 38. Kd5 Re2 39. Kxc5 Rxc2+ 40. Kxd4 Rxh2 41. a3 Ke7 42. Ke5 Re2+ 43. Kd5 Rh2 44. Kc5 a6 45. Kb6 Rh6+ 46. Ka5 Rf6 47. a4 bxa4 48. bxa4 Kf7 49. Kb4 h5 50. Ka5 Kg7 51. Rg3+ Kh6 52. Rg8 h4 53. Rg1 Kh5 54. Kb4 Rxf5 55. Kc3 h3 56. Kd3 Kh4 57. Ke4 Rf6 58. Ke3 h2 0-1

[Event "Kuala Lumpur op 8th"]
[Site "Kuala Lumpur"]
[Date "2011.08.25"]
[Round "9"]
[White "Lee, TH Bryan"]
[Black "Limono, Handjojo"]
[Result "1-0"]
[WhiteElo "1988"]
[BlackElo "1916"]
[PlyCount "89"]
[EventDate "2011.08.18"]
[EventType "swiss"]
[EventRounds "9"]
[EventCountry "MAS"]
[SourceTitle "CBM 144 Extra"]
[Source "ChessBase"]
[SourceDate "2011.10.28"]
[SourceVersion "1"]
[SourceVersionDate "2011.10.28"]
[SourceQuality "1"]

1. e4 e6 2. d3 d5 3. Nd2 Nf6 4. Ngf3 Nc6 5. g3 dxe4 6. dxe4 e5 7. Bg2 Bc5 8. 0-0 0-0 9. Qe2 Qe7 10. c3 a5 11. a4 b6 12. Nc4 Ba6 13. Bg5 h6 14. Bxf6 Qxf6 15. b3 Rad8 16. Rfd1 Qe6 17. Rd5 Bd6 18. Rad1 f6 19. Bf1 Ne7 20. R5d2 Kh7 21. Qe1 Qg4 22. Qe2 Bxc4 23. Qxc4 Ng6 24. h3 Qc8 25. Kh2 Bc5 26. Kg2 Rxd2 27. Rxd2 f5 28. Bd3 f4 29. b4 axb4 30. cxb4 Bd6 31. a5 fxg3 32. fxg3 bxa5 33. bxa5 Qb8 34. a6 Qa7 35. Re2 Rb8 36. Qe6 Rf8 37. h4 Qc5 38. h5 Ne7 39. Qa2 Nc6 40. Qd5 Qb6 41. Bc4 Rb8 42. Qe6 Qc5 43. Qg6+ Kh8 44. Ng5 hxg5 45. h6 1-0

[Event "Asia Cities-ch 17th"]
[Site "Jakarta"]
[Date "2011.04.27"]
[Round "8.12"]
[White "Iskandar, Bin Abdullah"]
[Black "Lee, TH Bryan"]
[Result "1-0"]
[WhiteElo "1876"]
[BlackElo "1964"]
[PlyCount "99"]
[EventDate "2011.04.22"]
[EventType "team-swiss"]
[EventRounds "9"]
[EventCountry "INA"]
[SourceTitle "CBM 142 Extra"]
[Source "ChessBase"]
[SourceDate "2011.06.27"]
[SourceVersion "1"]
[SourceVersionDate "2011.06.27"]
[SourceQuality "1"]
[WhiteTeam "Singapore"]
[BlackTeam "Hong Kong"]
[WhiteTeamCountry "SIN"]
[BlackTeamCountry "HKG"]

1. d4 Nf6 2. c4 g6 3. Nc3 Bg7 4. e4 d6 5. f3 0-0 6. Be3 e5 7. Nge2 Nc6 8. d5 Ne7 9. Qd2 Ne8 10. Nc1 f5 11. Nd3 Nf6 12. Be2 Rf7 13. 0-0-0 a6 14. Kb1 Bd7 15. Rhg1 Qb8 16. g4 f4 17. Bf2 Bf8 18. c5 b5 19. c6 Be8 20. b4 Bg7 21. Kc2 Kh8 22. Ra1 Bxc6 23. dxc6 Nxc6 24. Rgb1 Nd7 25. Nd5 Ne7 26. Nxe7 Rxe7 27. Rc1 Qb7 28. Kd1 Nb6 29. Nb2 Rd7 30. Ke1 Rad8 31. Qc2 d5 32. Rd1 c6 33. Rac1 Nc4 34. Nxc4 bxc4 35. Bc5 Bf6 36. Qc3 Qb5 37. g5 Bg7 38. Bf1 Kg8 39. Bh3 Rb7 40. Be6+ Kh8 41. exd5 e4 42. Qxc4 exf3 43. Qxb5 cxb5 44. Kf2 h6 45. h4 Be5 46. Bd4 Bxd4+ 47. Rxd4 Re7 48. Rxf4 hxg5 49. hxg5 Rh7 50. Kxf3 1-0

[Event "Olympiad-39"]
[Site "Khanty-Mansiysk"]
[Date "2010.09.21"]
[Round "1.2"]
[White "Glud, Jakob Vang"]
[Black "Lee, TH Bryan"]
[Result "1-0"]
[WhiteElo "2479"]
[BlackElo "1935"]
[PlyCount "82"]
[EventDate "2010.09.21"]
[EventType "team-swiss"]
[EventRounds "11"]
[EventCountry "RUS"]
[SourceTitle "CBM 139"]
[Source "ChessBase"]
[SourceDate "2010.11.18"]
[SourceVersion "1"]
[SourceVersionDate "2010.11.18"]
[SourceQuality "1"]
[WhiteTeam "Denmark"]
[BlackTeam "Hong Kong"]
[WhiteTeamCountry "DEN"]
[BlackTeamCountry "HKG"]

1. c4 Nf6 2. g3 g6 3. Bg2 Bg7 4. Nc3 d6 5. d3 0-0 6. Bg5 h6 7. Bd2 e5 8. e4 Nc6 9. Nge2 Be6 10. Nd5 Nd4 11. Nxd4 exd4 12. Qb3 Rb8 13. Qa3 a6 14. Qa5 Bxd5 15. cxd5 Nd7 16. Qa3 f5 17. 0-0 Qf6 18. Rac1 Rfc8 19. b4 Qf7 20. Qb3 Kh7 21. h3 fxe4 22. Bxe4 Nf6 23. Bg2 Re8 24. Rfe1 Rxe1+ 25. Rxe1 Re8 26. Re6 Rf8 27. f4 Qd7 28. g4 c6 29. Qa4 Rf7 30. Qb3 cxd5 31. Bxd5 Re7 32. Rxe7 Qxe7 33. Bf3 b5 34. a4 Qc7 35. Kf2 Nd7 36. axb5 axb5 37. Qf7 Qc2 38. Ke2 Qc8 39. Be4 Nf8 40. f5 Kh8 41. f6 Bxf6 1-0

[Event "Hong Kong-ch"]
[Site "Hong Kong"]
[Date "2010.06.07"]
[Round "9"]
[White "Chong, Chor Yuen"]
[Black "Lee, TH Bryan"]
[Result "1-0"]
[WhiteElo "2077"]
[BlackElo "1930"]
[PlyCount "83"]
[EventDate "2010.04.12"]
[EventType "tourn"]
[EventRounds "11"]
[EventCountry "HKG"]
[SourceTitle "EXT 2023"]
[Source "ChessBase"]
[SourceDate "2022.10.05"]
[SourceVersion "1"]
[SourceVersionDate "2022.10.05"]
[SourceQuality "1"]

1. e4 c5 2. c3 d5 3. exd5 Qxd5 4. d4 Nc6 5. Nf3 Bg4 6. Be2 e6 7. h3 Bh5 8. c4 Qd7 9. d5 Bxf3 10. Bxf3 Nd4 11. 0-0 Nxf3+ 12. Qxf3 exd5 13. Re1+ Ne7 14. cxd5 0-0-0 15. Nc3 Ng6 16. Be3 f6 17. Red1 Kb8 18. a3 b6 19. a4 Bd6 20. Qe2 Rhe8 21. a5 Nf4 22. Qf3 g5 23. axb6 axb6 24. Ra6 Kb7 25. Rda1 Ra8 26. Rxa8 Rxa8 27. Rd1 Re8 28. Ne4 Be5 29. Bxc5 Qb5 30. Be3 Kb8 31. Bxf4 gxf4 32. d6 Rd8 33. Nc3 Qd7 34. Qd3 Rg8 35. Qd5 Rg7 36. Rd3 Rg5 37. Ne4 Rg7 38. Nc5 Qd8 39. Ne6 Qc8 40. Nxg7 Qc1+ 41. Rd1 Qxb2 42. d7 1-0

[Event "Hong Kong-ch"]
[Site "Hong Kong"]
[Date "2010.05.17"]
[Round "6"]
[White "Lee, TH Bryan"]
[Black "Chan, Kwai Keong"]
[Result "1-0"]
[WhiteElo "1930"]
[BlackElo "1861"]
[PlyCount "129"]
[EventDate "2010.04.12"]
[EventType "tourn"]
[EventRounds "11"]
[EventCountry "HKG"]
[SourceTitle "EXT 2023"]
[Source "ChessBase"]
[SourceDate "2022.10.05"]
[SourceVersion "1"]
[SourceVersionDate "2022.10.05"]
[SourceQuality "1"]

1. e4 c6 2. d4 d5 3. Nc3 dxe4 4. Nxe4 Bf5 5. Ng3 Bg6 6. h4 h6 7. Nf3 e6 8. h5 Bh7 9. Bd3 Bxd3 10. Qxd3 Nd7 11. Bf4 Qb6 12. 0-0-0 Ngf6 13. Kb1 Nd5 14. Bd2 0-0-0 15. c4 Nb4 16. Qb3 Na6 17. Qxb6 Nxb6 18. Ba5 Bb4 19. Bxb4 Nxb4 20. a3 Na6 21. Ne5 Rhf8 22. Ne4 Kb8 23. b3 Nc7 24. Nc5 Ne8 25. a4 a5 26. f3 Nf6 27. g4 Nbd7 28. Ncxd7+ Nxd7 29. Rhe1 Nf6 30. Kc2 Ng8 31. Rd2 Ne7 32. f4 g6 33. hxg6 fxg6 34. Nd3 Rxd4 35. Rxe6 Rd7 36. Rde2 Nc8 37. Rxg6 Rfd8 38. Ne5 Rd1 39. Rxh6 Rf1 40. f5 Rdd1 41. Nd3 Ra1 42. Kb2 Rab1+ 43. Kc3 Rf3 44. Rhe6 Rd1 45. R6e3 Rff1 46. Re1 Rdxe1 47. Rxe1 Rf3 48. Re6 Rg3 49. Rg6 b5 50. axb5 cxb5 51. cxb5 Ne7 52. Re6 Nd5+ 53. Kc4 Ne3+ 54. Kd4 Nc2+ 55. Kc3 Nb4 56. Rd6 Rxg4 57. Nxb4 axb4+ 58. Kd3 Rg3+ 59. Kc4 Rf3 60. f6 Rf4+ 61. Kc5 Kc8 62. b6 Kb7 63. Rd7+ Kb8 64. f7 Kc8 65. Re7 1-0

[Event "Hong Kong-ch"]
[Site "Hong Kong"]
[Date "2010.04.12"]
[Round "1"]
[White "Dew, Brian"]
[Black "Lee, TH Bryan"]
[Result "1/2-1/2"]
[WhiteElo "2242"]
[BlackElo "1930"]
[PlyCount "65"]
[EventDate "2010.04.12"]
[EventType "tourn"]
[EventRounds "11"]
[EventCountry "HKG"]
[SourceTitle "EXT 2023"]
[Source "ChessBase"]
[SourceDate "2022.10.05"]
[SourceVersion "1"]
[SourceVersionDate "2022.10.05"]
[SourceQuality "1"]

1. d4 Nf6 2. Nf3 g6 3. Bf4 d6 4. h3 Bg7 5. e3 0-0 6. Be2 Nbd7 7. 0-0 c5 8. c3 a6 9. a4 b6 10. Nbd2 Bb7 11. Qc2 Rc8 12. Rfe1 Re8 13. Bh2 d5 14. Ne5 Nxe5 15. Bxe5 Nd7 16. Bxg7 Kxg7 17. Bg4 e6 18. Nb3 h5 19. Bf3 Nf6 20. a5 c4 21. Nd2 b5 22. h4 Ne4 23. Nxe4 dxe4 24. Bxe4 Bd5 25. g3 Rc7 26. Bg2 Bxg2 27. Kxg2 Qe7 28. Qe4 Kg8 29. Qf3 b4 30. e4 Rb8 31. Qf4 bxc3 32. bxc3 Rb3 33. Re3 1/2-1/2

[Event "Hong Kong-ch prel"]
[Site "Hong Kong"]
[Date "2010.03.08"]
[Round "8"]
[White "Lee, TH Bryan"]
[Black "Chan, Yin Lok Linus"]
[Result "1-0"]
[WhiteElo "1943"]
[BlackElo "1753"]
[PlyCount "89"]
[EventDate "2010.01.11"]
[EventType "swiss"]
[EventRounds "9"]
[EventCountry "HKG"]
[SourceTitle "EXT 2024"]
[Source "ChessBase"]
[SourceDate "2023.10.10"]
[SourceVersion "1"]
[SourceVersionDate "2023.10.10"]
[SourceQuality "1"]

1. e4 c5 2. Nf3 Nc6 3. d4 cxd4 4. Nxd4 Nf6 5. Nc3 e5 6. Ndb5 d6 7. Nd5 Nxd5 8. exd5 Nb8 9. c4 Be7 10. c5 0-0 11. Be2 a6 12. cxd6 Bxd6 13. Nxd6 Qxd6 14. 0-0 Nd7 15. Re1 Nf6 16. Bf3 Bf5 17. Bg5 Rfe8 18. Bxf6 gxf6 19. Bg4 Bg6 20. h4 f5 21. Bh3 h5 22. Qb3 Re7 23. Rac1 Rd8 24. Red1 e4 25. Rc3 Red7 26. Rg3 Kh7 27. Rg5 Qf4 28. g3 Qe5 29. Bxf5 Bxf5 30. Rxh5+ Kg8 31. Qe3 Rxd5 32. Rxd5 Rxd5 33. g4 Rd1+ 34. Kg2 Qg7 35. Rg5 Bg6 36. h5 Qh7 37. Qc3 Qh6 38. Qc8+ Kh7 39. Re5 Kg7 40. Re8 Bh7 41. Qxb7 Qg5 42. Qc6 Qf6 43. h6+ Kg6 44. Rg8+ Kxh6 45. g5+ 1-0

[Event "Hong Kong-ch prel"]
[Site "Hong Kong"]
[Date "2010.03.02"]
[Round "7"]
[White "Lee, TH Bryan"]
[Black "Fuss, Hubert"]
[Result "1-0"]
[WhiteElo "1943"]
[BlackElo "1869"]
[PlyCount "55"]
[EventDate "2010.01.11"]
[EventType "swiss"]
[EventRounds "9"]
[EventCountry "HKG"]
[SourceTitle "EXT 2024"]
[Source "ChessBase"]
[SourceDate "2023.10.10"]
[SourceVersion "1"]
[SourceVersionDate "2023.10.10"]
[SourceQuality "1"]

1. e4 c5 2. Nf3 e6 3. d4 cxd4 4. Nxd4 Nc6 5. Nc3 Qc7 6. Be2 a6 7. Be3 d6 8. 0-0 Nf6 9. a4 Be7 10. Nb3 Ne5 11. Nd2 d5 12. f4 Nc4 13. Bxc4 dxc4 14. Qe2 Bb4 15. Qxc4 Qxc4 16. Nxc4 Bxc3 17. bxc3 Nxe4 18. Bd4 0-0 19. Nb6 e5 20. Bxe5 Be6 21. Nxa8 Rxa8 22. Rfe1 Bd5 23. Rad1 Bc6 24. a5 f6 25. Bd4 Kf7 26. Re3 g6 27. Rde1 f5 28. c4 1-0

[Event "Hong Kong-ch prel"]
[Site "Hong Kong"]
[Date "2010.02.22"]
[Round "6"]
[White "Dew, Brian"]
[Black "Lee, TH Bryan"]
[Result "1-0"]
[WhiteElo "2242"]
[BlackElo "1943"]
[PlyCount "143"]
[EventDate "2010.01.11"]
[EventType "swiss"]
[EventRounds "9"]
[EventCountry "HKG"]
[SourceTitle "EXT 2024"]
[Source "ChessBase"]
[SourceDate "2023.10.10"]
[SourceVersion "1"]
[SourceVersionDate "2023.10.10"]
[SourceQuality "1"]

1. e4 c5 2. Nf3 d6 3. d4 cxd4 4. Nxd4 Nf6 5. Nc3 g6 6. Be3 Bg7 7. f3 0-0 8. Qd2 Nc6 9. 0-0-0 d5 10. Kb1 Nxd4 11. e5 Nf5 12. exf6 Bxf6 13. Nxd5 Be6 14. Nxf6+ exf6 15. Bc5 Qxd2 16. Rxd2 Rfd8 17. Rxd8+ Rxd8 18. Bd3 b6 19. Bf2 Kg7 20. b3 Ne7 21. Be3 Bf5 22. Bc4 Be6 23. Be2 Nf5 24. Bc1 Nd4 25. Rd1 Rd7 26. Bd3 Nf5 27. g3 h5 28. Bb2 h4 29. g4 Ne3 30. Re1 Ng2 31. Rg1 Nf4 32. Bb5 Rd2 33. Bc1 Rg2 34. Rxg2 Nxg2 35. Bc6 g5 36. h3 Kf8 37. c4 Ke7 38. Ba3+ Kd8 39. Bb2 Ke7 40. Ba3+ Kd8 41. Bd6 Bd7 42. Be4 Be6 43. Kc2 Kd7 44. Bb8 a6 45. Kd3 Kd8 46. Bd6 Kc8 47. Ba8 Kd7 48. Bh2 Kd8 49. Kd4 Kc8 50. b4 Kd7 51. a3 Kc8 52. a4 Kd7 53. Bb7 Ne1 54. Be4 Ng2 55. c5 bxc5+ 56. bxc5 Kc8 57. a5 Kd7 58. c6+ Kc8 59. Kc5 Nf4 60. Bxf4 gxf4 61. Kb6 Bc4 62. c7 Kd7 63. Bb7 Bb5 64. c8Q+ Ke7 65. Bxa6 Bxa6 66. Qxa6 f5 67. g5 f6 68. g6 Kd6 69. g7 Ke5 70. g8Q Kd4 71. Qac4+ Ke3 72. Qge6+ 1-0

[Event "Hong Kong-ch prel"]
[Site "Hong Kong"]
[Date "2010.01.25"]
[Round "3"]
[White "Lee, Andrew Quinton"]
[Black "Lee, TH Bryan"]
[Result "0-1"]
[WhiteElo "1673"]
[BlackElo "1943"]
[PlyCount "82"]
[EventDate "2010.01.11"]
[EventType "swiss"]
[EventRounds "9"]
[EventCountry "HKG"]
[SourceTitle "EXT 2024"]
[Source "ChessBase"]
[SourceDate "2023.10.10"]
[SourceVersion "1"]
[SourceVersionDate "2023.10.10"]
[SourceQuality "1"]

1. e4 c5 2. Nf3 d6 3. d4 cxd4 4. Nxd4 Nf6 5. Nc3 g6 6. Be3 Bg7 7. f3 0-0 8. Qd2 Nc6 9. Bc4 Bd7 10. 0-0-0 Rc8 11. Bb3 Ne5 12. h4 Nc4 13. Bxc4 Rxc4 14. h5 Nxh5 15. g4 Nf6 16. Nb3 Re8 17. Bd4 b5 18. Bxf6 Bxf6 19. Qh6 Qc7 20. Qxh7+ Kf8 21. Qh6+ Bg7 22. Qd2 Rc8 23. Rh2 d5 24. Rg2 d4 25. Nd5 Qe5 26. Qf4 d3 27. Qxe5 Rxc2+ 28. Rxc2 Rxc2+ 29. Kb1 Bxe5 30. Rxd3 Rxb2+ 31. Kc1 Rxa2 32. Nb4 Ra4 33. Nc5 Bf4+ 34. Kc2 Rxb4 35. Nxd7+ Kg7 36. Rb3 Rd4 37. Nc5 Bd6 38. Nd3 Rc4+ 39. Kd2 a6 40. e5 Bc7 41. Rb4 Ba5 0-1

[Event "Hong Kong Winter op"]
[Site "Hong Kong"]
[Date "2009.10.04"]
[Round "7"]
[White "Lee, TH Bryan"]
[Black "Chan, Kwai Keong"]
[Result "1-0"]
[WhiteElo "1944"]
[BlackElo "1888"]
[PlyCount "79"]
[EventDate "2009.10.01"]
[EventType "swiss"]
[EventRounds "7"]
[EventCountry "HKG"]
[SourceTitle "EXT 2024"]
[Source "ChessBase"]
[SourceDate "2023.10.10"]
[SourceVersion "1"]
[SourceVersionDate "2023.10.10"]
[SourceQuality "1"]

1. e4 g6 2. d4 Bg7 3. Nc3 d6 4. f4 a6 5. Nf3 b5 6. a3 Nd7 7. Be2 Bb7 8. 0-0 c5 9. Be3 Ngf6 10. dxc5 dxc5 11. e5 Ng4 12. Qd2 Nxe3 13. Qxe3 e6 14. Ng5 Qb6 15. Bf3 Bxf3 16. Qxf3 c4+ 17. Kh1 0-0 18. Rad1 Nc5 19. Rd6 Qa5 20. Qe3 Na4 21. Nce4 h6 22. Qh3 c3 23. Nxe6 cxb2 24. Nf6+ Kh8 25. Nxf8 Rxf8 26. Ne4 b4 27. axb4 Qxb4 28. Nd2 a5 29. Qb3 Rb8 30. Rb1 Kh7 31. Qxf7 Nc3 32. Qxg6+ Kh8 33. Rd7 Rg8 34. f5 Nxb1 35. f6 Qf8 36. fxg7+ Rxg7 37. Qxh6+ Kg8 38. Rxg7+ Qxg7 39. Qxg7+ Kxg7 40. Nxb1 1-0

[Event "Hong Kong Winter op"]
[Site "Hong Kong"]
[Date "2009.10.04"]
[Round "6"]
[White "Lo, Cheuk Wai"]
[Black "Lee, TH Bryan"]
[Result "1-0"]
[WhiteElo "1704"]
[BlackElo "1944"]
[PlyCount "51"]
[EventDate "2009.10.01"]
[EventType "swiss"]
[EventRounds "7"]
[EventCountry "HKG"]
[SourceTitle "EXT 2024"]
[Source "ChessBase"]
[SourceDate "2023.10.10"]
[SourceVersion "1"]
[SourceVersionDate "2023.10.10"]
[SourceQuality "1"]

1. e4 c5 2. Nf3 d6 3. d4 cxd4 4. Qxd4 Nc6 5. Bb5 Bd7 6. Bxc6 Bxc6 7. Nc3 Nf6 8. Bg5 e5 9. Qd3 Be7 10. Rd1 Qb6 11. b3 0-0 12. 0-0 Rfd8 13. Nh4 Rac8 14. Nf5 Qc7 15. Qg3 Kf8 16. Qh4 Kg8 17. Nxg7 Kxg7 18. Qh6+ Kg8 19. Bxf6 Bxf6 20. Qxf6 Qd7 21. Rd3 Qe6 22. Rg3+ Kf8 23. Qg5 h6 24. Qe3 a6 25. Rd1 Ke7 26. a4 1-0